Регионална библиотека "Любен Каравелов" - Русе

Бедствието (Запис номер 522220)

MARC детайли
000 -Лидер
Лидер 01024nam a2200289 a 4500
003 - Код на организацията, давaща контролен номер
Код на организацията, даваща контролен номер BLK
005 - Дата и час на последна редакция
Дата и час на последна редакция 20250616122652.0
008 - Елементи от данни с фиксирана дължина
Елементи с фиксирана дължина 230502b bu |||||r|||| 00| | bu d
020 ## - Международен стандартен номер на книга ISBN
ISBN 9789543898138
040 ## - Източник на каталожния запис
Код на библиотеката BLK
041 ## - Код за език
Език Български
Език за КДБФ Български
080 ## - УДК
УДК текст Американска литература (на САЩ)
УДК код 821.111(73)
УДК – определител -31
УДК – код + определител 821.111(73)-31
084 ## - Класификационен индекс по друга класификация
Авторски знак Сн - С 48
100 ## - Редна дума - Автор
R(LIN) 487505
Автор Сноу, Никол
245 ## - Сведения за заглавието
Заглавие Бедствието
Авторска отговорност Никол Сноу ; прев. от англ. Милена Тодорова
260 ## - Област на издателските данни
9 (RLIN) 209478
Име на издателя Ера
Място на издаване София
Година на издаване 2024
300 ## - Физическа характеристика
Брой страници 448 с.
Размер 20 см
380 ## - Жанр
Жанр Худож. лит.
500 ## - Общи забележки
Обща забележка Ориг. загл.: One bossy disaster / Nikole Snow
700 ## - Други автори (авторска отговорност)
9 (RLIN) 481247
Друг автор Тодорова, Милена Ивова
852 ## - Местоположение
Отдел Заемна - подръчен фонд
Систематично-азбучна сигнатура 821-31/С 48 Н
856 ## - Електронен адрес и достъп
Инструкция (цена за достъп) 0.00
Права за достъп disable
942 ## - АРТИКУЛИ
Вид на библиотечния документ Книги
Скрит в OPAC Не
Периодичен библиозапис Не
Koha issues (borrowed), all copies 19
944 ## - СЪЗДАВАНЕ И РЕДАКЦИЯ на ЗАПИСА
Дата на регистрацията/редакция Кети Илиева
Служител, извършил регистрацията/редакцията 30576
Номер на служител Цветомила Тодорова
999 ## - СИСТЕМНИ КОНТРОЛНИ НОМЕРА
Koha biblionumber 522220
Koha biblioitemnumber 522220
999 ## - СИСТЕМНИ КОНТРОЛНИ НОМЕРА
Koha biblioitemnumber 522220
Наличности
Код за отписване Код за изгубен артикул Източник на класификационната схема Код за повреда Код за отдаване Артикулен № Име на библиотеката - собственик Име на библиотеката, в която се намира в момента Статус (Текущо местоположение) Дата на вписване в системата Местоположение - отдел Цена в лева Инвентарен номер Систематично азбучна сигнатура Баркод Цена в евро Служебен тип на артикула
  Не е изгубен Universal Decimal Classification Не е повреден заемане за дома 955352 Регионална библиотека "Любен Каравелов" Русе Регионална библиотека "Любен Каравелов" Русе Заемна - подръчен фонд 2024-12-05 Заемна - подръчен фонд 15.40 120000915309 821-31/С 48 Н 120000915309 7.87 Книги
  Не е изгубен Universal Decimal Classification Не е повреден заемане за дома 955353 Регионална библиотека "Любен Каравелов" Русе Регионална библиотека "Любен Каравелов" Русе Заемна - подръчен фонд 2024-12-05 Заемна - подръчен фонд 15.40 120000915308 821-31/С 48 Н 120000915308 7.87 Книги
Vip Innovations Ltd, Rousse, Bulgaria 2025